Mariah Carey albums discography - Statistics

General Stats
  • This quiz has been taken 467 times
  • The average score is 12 of 21
Answer Stats
Hint Answer % Correct
1990 Mariah Carey
93%
1997 Butterfly
91%
1993 Music Box
85%
1991 Emotions
83%
1999 Rainbow
83%
2008 E=MC²
79%
2002 Charmbracelet
78%
2005 The Emancipation of Mimi
78%
2001 Glitter
77%
1995 Daydream
75%
1994 Merry Christmas
68%
2009 Memoirs of an Imperfect Angel
57%
1992 MTV Unplugged
57%
2010 Merry Christmas II You
45%
2009 The Ballads
19%
2003 The Remixes
18%
1998 #1's
17%
2001 Greatest Hits
17%
2013 TBA
14%
2011 The Essential
14%
2010 Playlist: The Very Best of
13%
No matching quizzes found
Score Distribution
Percent of People with Each Score
Percentile by Number Answered
Your Score History
You have not taken this quiz